Le comportement des consommateurs dans le centre commercial diplomová práca

Guardado en:
Detalles Bibliográficos
Autor principal: Korytinová, Kristína, 1995-
Autor Corporativo: Obchodná fakulta EU. Katedra marketingu
Otros Autores: Kita, Pavol
Formato: Libro
Lenguaje:francés
Publicado: Bratislava 2018
Etiquetas: Agregar Etiqueta
Sin Etiquetas, Sea el primero en etiquetar este registro!

MARC

LEADER 00000nbm a2200000 4500
001 0243386
005 20190227143026.3
041 0 |a fre 
044 |a SK 
245 1 0 |a Le comportement des consommateurs dans le centre commercial  |b diplomová práca  |c Kristína Korytinová ; školiteľ: Pavol Kita 
264 1 |a Bratislava  |c 2018 
300 |a 84 s. 
100 1 |a Korytinová, Kristína, 1995- 
700 1 |a Kita, Pavol 
710 2 |a Obchodná fakulta EU. Katedra marketingu